Is It Obvious? Quiz Stats

 Plays Quiz Updated Aug 11, 2018

Challenge
Share
Tweet
Embed
Score 0/15 Timer 07:00
16 Plays Today
Question Answer Wrong Answers
What does the N in NASA stand for? National
86.4%
Nautical
11%
Which country has more stars on its flag? United States
81.7%
Brazil
15.7%
Who is the only member of ZZ Top who doesn't sport a beard? Frank Beard
79.8%
Dusty Hill
17.5%
What is the capital city of Brazil? Brasília
71.2%
São Paulo
26.1%
When does Oktoberfest begin? September
65.3%
October
32%
Which of these men won the Nobel Peace Prize? Martin Luther King Jr.
58.7%
Joseph Stalin
38.8%
According to the American Kennel Club, what class of dog does the Boston Terrier belong to? Non-sporting
56.6%
Terrier
40.6%
Which is the largest state capital by population? Phoenix, Arizona
56.5%
Chicago, Illinois
40.8%
What is the very first vertebrae bone, which carries the weight of the skull, called? Atlas
55.2%
Axis
42.1%
How many books are in Douglas Adams' 'the Hitchhiker's Guide to the Galaxy' trilogy? 5
53.9%
3
43.4%
Who won the 1973, 1974 & 1976 Primetime Emmy Awards for Outstanding Lead Actress in a Drama Series? Michael Learned
47.9%
Angie Dickinson
49.3%
What movie had the tagline 'Great trilogies come in threes'? Scary Movie 3
38.3%
Naked Gun 2 1/2
59%
What year was Van Halen's album '1984' released? 1984
36.5%
1983
60.9%
What color were the shoes worn by Dorothy Gale in the novel 'The Wizard of Oz'? Silver
36.4%
Ruby Red
61%
What was the birth name of writer/comedian Albert Brooks? Albert Einstein
29.2%
Albert Brooks
68.2%

You're not logged in!

Compare scores with friends on all Sporcle quizzes.
OR
Log In

You Might Also Like...

Show Comments

Extras

Top Quizzes Today


Score Distribution

Your Account Isn't Verified!

In order to create a playlist on Sporcle, you need to verify the email address you used during registration. Go to your Sporcle Settings to finish the process.

Report this User

Report this user for behavior that violates our Community Guidelines.

Details: